| 000 | 00367nam a2200145Ia 4500 | ||
|---|---|---|---|
| 008 | 230312s9999||||xx |||||||||||||| ||und|| | ||
| 020 | _a9781119470861 | ||
| 082 |
_a005.446 _bRAT-W |
||
| 100 | _aLeonhard,Woody | ||
| 245 | 0 | _aWindows 8.1 all in one for dummies | |
| 260 |
_bWiley _aUSA _c2018 |
||
| 300 | _a442 | ||
| 650 |
_aComputer _vOperating Systems |
||
| 942 | _cBK | ||
| 999 |
_c16563 _d16563 |
||